| 000 | 00630nam a2200181Ia 4500 | ||
|---|---|---|---|
| 999 |
_c30140 _d30140 |
||
| 003 | GCL | ||
| 005 | 20240530102140.0 | ||
| 008 | 140319s9999 xx 000 0 ara d | ||
| 040 |
_aGCL / _cGCL |
||
| 082 | 0 | 4 |
_a237.3 _bس ر |
| 100 | 1 | _aركن الدين علاء الدولة السمنانى | |
| 245 | 1 | 0 |
_aرسالة اداب السفرة / _cركن الدين علاء الدولة السمنانى |
| 260 |
_aالقاهرة : _bالهيئة المصرية العامة للكتاب ، _c1987 |
||
| 300 |
_a116 ص ؛ _c18 سم |
||
| 650 | 0 | 4 | _aاداب السلوك |
| 650 | 0 | 4 | _aاداب المائدة |
| 942 |
_2ddc _cBK |
||